00540nam a22001457a 4500003000400000005001700004008004100021040001100062041001200073100006600085245011100151260005300262650002200315856005700337OSt20260218144610.0260218b |||||||| |||| 00| 0 eng d cMRSPTU aEnglish aSunil Kumar Srivastava, Supervisor: Dr. Sanjiv Kumar Aggarwal aA Case Study of Widening and Strengthening of Suratgarh-Sri Ganganagar Section of NH-62 as Per IRC:73-2015 bDepartment of Civil Engg. MRSPTU, Bathindac2017 aCivil Engineering uhttp://163.47.215.52:8080/jspui/handle/123456789/427